00333nam a22000977a 4500082002000000100001600020245012700036260004200163300002200205563000800227 a347.549106bMAH aMahmood, M. aAn Exhaustive Commentary on The Qanun-e-Shahadat Order, 1984:bImproved and Enlarged /cM. Mahmood and Jawad Mahmood Pasha aLahore:bAl-Qanoon Publishers,c2024. a1688 p. ;c24 cm. aHB.